|
|
|
|
| LEADER |
00000cam a22000004a 4500 |
| 001 |
musev2_627 |
| 003 |
MdBmJHUP |
| 005 |
20230905040118.0 |
| 006 |
m o d |
| 007 |
cr||||||||nn|n |
| 008 |
100608s2010 kyu o 00 0 eng d |
| 010 |
|
|
|z 2010020664
|
| 020 |
|
|
|a 9780813126074
|
| 020 |
|
|
|z 9780813139524
|
| 020 |
|
|
|z 9780813126050
|
| 020 |
|
|
|z 9780813136561
|
| 035 |
|
|
|a (OCoLC)810039004
|
| 040 |
|
|
|a MdBmJHUP
|c MdBmJHUP
|
| 043 |
|
|
|a n-us-ky
|
| 050 |
0 |
4 |
|a SF335.U6
|b K66 2010
|
| 082 |
0 |
|
|a 798.409769/09034
|2 22
|
| 100 |
1 |
|
|a Wall, Maryjean.
|
| 245 |
1 |
0 |
|a How Kentucky Became Southern :
|b A Tale of Outlaws, Horse Thieves, Gamblers, and Breeders /
|c Maryjean Wall.
|
| 264 |
|
1 |
|a Lexington, Ky. :
|b University Press of Kentucky,
|c 2010.
|
| 264 |
|
3 |
|a Baltimore, Md. :
|b Project MUSE,
|c 2012
|
| 264 |
|
4 |
|c ©2010.
|
| 300 |
|
|
|a 1 online resource (304 pages):
|b ill. ;
|
| 336 |
|
|
|a text
|b txt
|2 rdacontent
|
| 337 |
|
|
|a computer
|b c
|2 rdamedia
|
| 338 |
|
|
|a online resource
|b cr
|2 rdacarrier
|
| 504 |
|
|
|a Includes bibliographical references and index.
|
| 505 |
0 |
|
|a The fast track into the future -- The greening of the Bluegrass -- A killing spree and a hanging tree -- "All the best jockeys of the west are colored" -- Old money meets the arrivistes -- Winners and losers in the age of reform -- The idea of horse country reclaimed.
|
| 588 |
|
|
|a Description based on print version record.
|
| 650 |
|
0 |
|a Horse industry
|z Kentucky
|x History
|y 19th century.
|
| 650 |
|
0 |
|a Horse racing
|z Kentucky
|x History
|y 19th century.
|
| 651 |
|
0 |
|a Kentucky
|x Social life and customs
|y 19th century.
|
| 655 |
|
7 |
|a Electronic books.
|2 local
|
| 710 |
2 |
|
|a Project Muse.
|e distributor
|
| 830 |
|
0 |
|a Book collections on Project MUSE.
|
| 856 |
4 |
0 |
|z Texto completo
|u https://projectmuse.uam.elogim.com/book/627/
|
| 945 |
|
|
|a Project MUSE - Custom Collection
|
| 945 |
|
|
|a Project MUSE - 2010 US Regional Studies, South
|
| 945 |
|
|
|a Project MUSE - 2010 Complete
|